000 00976cam a22001694a 4500
005 20250605163700.0
008 250528s ||||||||||||||||||||||||d
035 _a24217
040 _aGR-AtMCL
_bgre
_dGR-AtMCL
_eAACR2
245 1 _aΤι Είναι το ΕΝΣ;
260 _bΔιοικητική Μονάδα 'Εκδόσεις'
_bΟπτικοακουστικός Τομέας, Πληροφόρηση, Επικοινωνία Και Πολιτιστικά Θέματα,
_c1991
300 _a6
520 _aΣτόχοι και Τρόπος Λειτουργίας του ΕΝΣ, Άποψη των Ευρωπαίων σχετικά με το Ενιαίο Νόμισμα, Η Σύνθεση του Ecu στις 8 Ιανοθαρίου 1990 και η Ποσοστιαία Συμμετοχή κάθε Νομίσματος στο Καλάθι, Η Οικονομική και Νομισματική Ένωση.
942 _cCR
999 _c9110
_d9110